[Event "Copenhagen Obro New Year op"]
[Site "Copenhagen"]
[Date "2022.12.28"]
[Round "3"]
[White "Vehl, Tina"]
[Black "Jorgensen, Orla Eilegaard"]
[Result "1-0"]
[WhiteElo "1794"]
[BlackElo "1482"]
[PlyCount "99"]
[EventDate "2022.12.27"]
[EventType "swiss"]
[EventRounds "7"]
[EventCountry "DEN"]
[SourceTitle "CBM 211 Extra"]
[Source "ChessBase"]
[SourceDate "2023.01.31"]
[SourceVersion "1"]
[SourceVersionDate "2023.01.31"]
[SourceQuality "1"]

1. e4 c5 2. Nc3 a6 3. g3 d6 4. Bg2 Nf6 5. d3 g6 6. f4 Bg7 7. Nf3 Nc6 8. 0-0 0-0 9. h3 Bd7 10. Be3 Nh5 11. Kh2 f5 12. Qd2 Nf6 13. Rab1 Rb8 14. e5 Ne8 15. Ng5 h6 16. Bd5+ Kh8 17. Nf7+ Rxf7 18. Bxf7 Kh7 19. Bd5 e6 20. Bg2 b6 21. exd6 Nxd6 22. Qf2 Qc7 23. Ne2 Nb4 24. Nc3 Nc6 25. a3 Nd4 26. Nd1 Bc6 27. c3 Bxg2 28. Qxg2 Nb3 29. Qe2 Re8 30. Qf2 e5 31. fxe5 Bxe5 32. Bf4 Bg7 33. Re1 Rxe1 34. Qxe1 g5 35. Be3 Nf7 36. Qf2 Kg6 37. d4 cxd4 38. cxd4 Nxd4 39. Bxd4 Bxd4 40. Qe2 Be5 41. Qd3 Bxg3+ 42. Kg2 Bf4 43. Nc3 Ne5 44. Qd5 Nc4 45. Re1 Be5 46. Qe6+ Bf6 47. Qxf6+ Kh5 48. Re6 Qb7+ 49. Kf2 Qh7 50. Re7 1-0

[Event "Berlin Spandau op"]
[Site "Berlin"]
[Date "2019.12.27"]
[Round "1"]
[White "Jorgensen, Orla Eilegaard"]
[Black "Bui, Bao Anh Le"]
[Result "0-1"]
[WhiteElo "1565"]
[BlackElo "2078"]
[PlyCount "96"]
[EventDate "2019.12.27"]
[EventType "swiss"]
[EventRounds "7"]
[EventCountry "GER"]
[SourceTitle "CBM 194 Extra"]
[Source "ChessBase"]
[SourceDate "2020.03.31"]
[SourceVersion "1"]
[SourceVersionDate "2020.03.31"]
[SourceQuality "1"]

1. f4 d5 2. Nf3 Nf6 3. e3 Nc6 4. b3 Bg4 5. Bb2 e6 6. Be2 Bxf3 7. Bxf3 Bd6 8. g3 e5 9. fxe5 Nxe5 10. Bg2 Qd7 11. Nc3 c6 12. d3 0-0-0 13. Qd2 h5 14. 0-0-0 h4 15. gxh4 Rxh4 16. h3 Ng6 17. Qf2 Re8 18. Kb1 Bc5 19. Rde1 Nh5 20. Rhf1 Nhf4 21. d4 Nxg2 22. Qxg2 Bb4 23. Qf3 Rxh3 24. Qxf7 Qxf7 25. Rxf7 Rexe3 26. Rxe3 Rxe3 27. Nd1 Re7 28. Rf1 Kd7 29. Bc1 Re1 30. Rxe1 Bxe1 31. Bg5 Bh4 32. Be3 Ke6 33. Nc3 Ne7 34. Ne2 Kf5 35. Bg1 Ke4 36. Kc1 Kf3 37. Nc3 Bg5+ 38. Kd1 Nf5 39. Ne2 Ne3+ 40. Bxe3 Bxe3 41. Ke1 g5 42. Kf1 g4 43. c4 g3 44. Ng1+ Bxg1 45. Kxg1 Ke3 46. Kg2 Kxd4 47. cxd5 cxd5 48. Kxg3 Ke3 0-1

[Event "Helsingor Xtracon op"]
[Site "Helsingor"]
[Date "2019.07.25"]
[Round "7"]
[White "Guindy, Esmat Susanne"]
[Black "Jorgensen, Orla Eilegaard"]
[Result "1-0"]
[WhiteElo "2132"]
[BlackElo "1614"]
[PlyCount "57"]
[EventDate "2019.07.20"]
[EventType "swiss"]
[EventRounds "10"]
[EventCountry "DEN"]
[SourceTitle "CBM 191 Extra"]
[Source "ChessBase"]
[SourceDate "2019.09.30"]
[SourceVersion "1"]
[SourceVersionDate "2019.09.30"]
[SourceQuality "1"]

1. d4 b6 2. c4 Bb7 3. Nc3 e6 4. Nh3 Nf6 5. f3 g6 6. e4 d6 7. Bd3 Nbd7 8. Be3 Bg7 9. Qd2 c5 10. d5 e5 11. 0-0 h5 12. Bg5 Bc8 13. f4 Qe7 14. f5 Nf8 15. Rf3 N8h7 16. fxg6 fxg6 17. Bh4 Bg4 18. Rg3 0-0-0 19. a4 a5 20. Nf2 Rdf8 21. Nxg4 hxg4 22. Be2 Qf7 23. Rf1 g5 24. Bxg5 Nxg5 25. Qxg5 Rh5 26. Bxg4+ Kb7 27. Bxh5 Qxh5 28. Qxh5 Nxh5 29. Rxg7+ 1-0

[Event "DEN-ch Seniors 50+"]
[Site "Hvidovre"]
[Date "2018.02.16"]
[Round "5"]
[White "Jorgensen, Orla Eilegaard"]
[Black "Rosenberg, Jan"]
[Result "1-0"]
[WhiteElo "1580"]
[BlackElo "1852"]
[PlyCount "155"]
[EventDate "2018.02.12"]
[EventType "swiss"]
[EventRounds "7"]
[EventCountry "DEN"]
[SourceTitle "CBM 183 Extra"]
[Source "ChessBase"]
[SourceDate "2018.04.19"]
[SourceVersion "1"]
[SourceVersionDate "2018.04.19"]
[SourceQuality "1"]

1. e4 c5 2. c3 g6 3. Nf3 Bg7 4. d4 cxd4 5. cxd4 d5 6. e5 Nc6 7. Nc3 a6 8. a3 Bg4 9. Be2 e6 10. h3 Bxf3 11. Bxf3 Qb6 12. Ne2 Nge7 13. g4 0-0 14. b4 f6 15. exf6 Rxf6 16. Bg2 Raf8 17. Be3 Nc8 18. 0-0 Nd6 19. Rc1 Nc4 20. Rxc4 dxc4 21. d5 Qc7 22. dxc6 b5 23. Qc2 e5 24. Rd1 Rxc6 25. Bd5+ Kh8 26. Bxc6 Qxc6 27. Ng3 Qf3 28. Rd6 Re8 29. Qd2 c3 30. Qd3 e4 31. Qe2 Rc8 32. Bc5 Be5 33. Qxf3 exf3 34. Rd1 Kg7 35. Ne4 a5 36. Rc1 Rd8 37. Nxc3 Rd3 38. Nxb5 axb4 39. Bxb4 Rb3 40. Bc3 Rxb5 41. Bxe5+ Rxe5 42. Rc3 Re1+ 43. Kh2 Re4 44. Rxf3 g5 45. Kg3 Ra4 46. h4 h6 47. h5 Kg8 48. Rb3 Kg7 49. f3 Kf7 50. Kf2 Kf6 51. Ke3 Ke5 52. Kd3 Kd5 53. Kc2 Ke5 54. Rb5+ Ke6 55. Kb3 Rf4 56. Rb6+ Kd5 57. Rxh6 Rxf3+ 58. Kb4 Rf4+ 59. Kb5 Rxg4 60. Rg6 Rg1 61. h6 Rb1+ 62. Ka5 Rb8 63. Rxg5+ Kc4 64. Rg6 Rb5+ 65. Ka6 Rh5 66. a4 Kb4 67. Rg4+ Kc5 68. Rg6 Kb4 69. a5 Rxa5+ 70. Kb6 Rh5 71. Kc6 Kc4 72. Kd6 Kd4 73. Ke6 Ke4 74. Kf7 Kf5 75. Kg7 Rh1 76. h7 Rh3 77. Rf6+ Ke5 78. Rh6 1-0

[Event "DEN-ch Kort 2"]
[Site "Svendborg"]
[Date "2016.03.20"]
[Round "2"]
[White "Nielsen, Erik Rene"]
[Black "Jorgensen, Orla Eilegaard"]
[Result "1-0"]
[WhiteElo "1714"]
[BlackElo "1653"]
[PlyCount "79"]
[EventDate "2016.03.19"]
[EventType "swiss"]
[EventRounds "5"]
[EventCountry "DEN"]
[SourceTitle "EXT 2023"]
[Source "ChessBase"]
[SourceDate "2022.10.05"]
[SourceVersion "1"]
[SourceVersionDate "2022.10.05"]
[SourceQuality "1"]

1. d4 d5 2. c4 c6 3. Nc3 Nf6 4. Nf3 dxc4 5. a4 Bf5 6. e3 Nbd7 7. Bxc4 e6 8. 0-0 Nb6 9. Be2 Nbd5 10. Nxd5 exd5 11. Bd3 Bxd3 12. Qxd3 Bd6 13. Bd2 a5 14. Rfb1 Qc7 15. h3 Ne4 16. Be1 0-0 17. Nd2 f5 18. Nxe4 fxe4 19. Qc2 Rac8 20. b4 axb4 21. Bxb4 Rf7 22. Bxd6 Qxd6 23. Qc5 Qc7 24. a5 Rcf8 25. Ra2 Ra8 26. Rb6 Ra6 27. Rxa6 bxa6 28. Rb2 Qc8 29. Qb6 Rf8 30. Qb7 c5 31. Qxd5+ Kh8 32. Qxc5 Qa8 33. Rb6 Rc8 34. Qb4 h6 35. Rb7 Kh7 36. Qe7 Rc1+ 37. Kh2 Qg8 38. Qxe4+ Kh8 39. Qf4 Ra1 40. Rb8 1-0